Statistics for NFL Interceptions Leaders by Season

Click here to take the quiz!

General Stats

  • This quiz has been taken 80 times
  • The average score is 9 of 25

Answer Stats

Hint Answer % Correct
SEA82013CBRichard Sherman
85%
GB72011CBCharles Woodson
78%
OAK82002FSRod Woodson
77%
BAL82010FSEd Reed
77%
TB102001FSRonde Barber
54%
DEN102006CBChamp Bailey
54%
DET72014FSGlover Quin
37%
SD72011FSEric Weddle
37%
NYG102005CBTy Law
32%
PHI92009CBAsante Samuel
31%
SD102007CBAntonio Cromartie
28%
NO92009FSDarren Sharper
20%
BUF92009FSJairus Byrd
11%
SF92003SSTony Parrish
3%
MIN92003DB*Brian Russell
3%
TB82002CBBrian Kelly
2%
NE72011CBKyle Arrington
2%
CIN102001CBAnthony Henry
2%
CIN102005DB*Deltha O'Neil
0%
TB92012CBTim Jennings
0%

Score Distribution

Percentile by Number Answered

Percent of People with Each Score

Your Score History

You have not taken this quiz